Ligne 7 Métro Paris - Statistiques

Statistiques générales
  • Ce quiz a été pris 581 fois
  • Le résultat moyen est 23 sur 38
Statistiques - réponses
Branche Correspondance(s) Station % Correct
M1 M4 M11 M14 ; RER A B D Châtelet
85%
M4 M5 ; RER E ; Tr P Gare de l'Est
78%
M5 M6 Place d'Italie
76%
M14 Maison Blanche
75%
M3 M8 ; RER A Opéra
75%
branche Ivry RER C Mairie d'Ivry
74%
M10 Jussieu
73%
M14 Pyramides
70%
M2 M5 Stalingrad
69%
Les Gobelins
68%
branche Ivry T3a Porte d'Ivry
68%
Pont Neuf
66%
branche Ivry T3a Porte d'Italie
66%
branche Villejuif Le Kremlin - Bicêtre
63%
Pont Marie
63%
branche Villejuif T7 Villejuif - Louis Aragon
63%
Tolbiac
62%
branche Ivry T3a T9 Porte de Choisy
61%
M1 Palais Royal - Musée du Louvre
60%
Place Monge
60%
Poissonnière
60%
M7bis Louis Blanc
55%
branche Ivry Pierre et Marie Curie
55%
T3b Porte de la Villette
54%
M9 Chaussée d'Antin - La Fayette
53%
T1 La Courneuve - 8 mai 1945
53%
Sully - Morland
53%
Censier - Daubenton
51%
Cadet
50%
Crimée
50%
Riquet
49%
Fort d'Aubervilliers
47%
branche Villejuif Villejuif - Léo Lagrange
47%
Corentin Cariou
46%
Le Peletier
46%
branche Villejuif Villejuif - Paul Vaillant Couturier
43%
Tr P Château-Landon
39%
Aubervilliers - Pantin - Quatre Chemins
32%
Aucun quiz correspondant
Distribution des résultats
% des personnes avec chaque résultat
Percentile par nombre de réponses
Votre historique - résultats
Vous n’avez pas pris ce quiz